000 00290nam a2200121Ia 4500
008 190216s9999||||xx |||||||||||||| ||und||
100 _aLaud B B
245 0 _aLasers And Non Linear Optics
260 _bNew Age International Publishers
300 _a262
650 _aPhysics
942 _cBK
999 _c33945
_d33945